000 00582cam a22002295a 4500
001 L159646
008 150226s2017 xxk f 000 0 eng d
035 _a(Sirsi) u159646
041 0 _aeng
100 1 _aElledge, Jonn
245 0 0 _aEvery breath you take
260 _c2017
490 _aModus
_vSeptember 2017, 26-30 (5)
520 _aFocuses on urban air pollution and how to clean it up.
590 _aKA
650 2 4 _aAIR POLLUTION
650 2 4 _aURBAN ENVIRONMENT
650 2 4 _aAIR QUALITY
651 4 _aInternational
690 _aEnvironment
_96238
942 _n0
999 _c84889
_d84889